000 00242nam a2200097Ia 4500
001 643701
005 20250826153550.0
008 250824s9999 xx 000 0 und d
245 0 _aMEMLEKET HİKAYELERİ
_cREFİK HALİT KARAY
260 _bİNKILAP
999 _c643701
_d643701